000 00330 a2200121 4500
000 nam a22 7a 4500
005 20260416113246.0
020 _a9783031225581
100 _a J. Samuel Barkin
_91234935
245 _aInternational Organization: Theories and Institutions
260 _bPalgrave Macmillan
_c2023
942 _cTEXL
999 _c1848281
_d1848281